000 02142nam a22005657a 4500
003 PE-LiUPU
005 20250731173556.0
008 180111s2015 miu 000 0 eng d
020 _a9780996313605
035 _a(OCoLC)1019129132
040 _aPE-LiUPU
_bspa
_cPE-LiUPU
_erda
082 _a248.5
_bG326d
110 _aGeneral Conference of Seventh-day Adventists.
_bNorth American Division.
_9846
245 1 0 _aDiscipleship handbook :
_ba resource for Seventh-day Adventist church members /
250 _a1a edición
264 1 _aMichigan :
_bThe Training Center Church Committee of the Michigan Conference of Seventh-day Adventists,
_c2015.
300 _a319 páginas ;
_c21 centimetros.
336 _atext
_btxt
_2rdacontent.
337 _aunmediated
_bn
_2rdamedia.
338 _avolume
_bnc
_2rdacarrier.
500 _aIncluye apéndice,
505 0 0 _tDiscipleship -- Devotional life -- Personal witnessing -- Church life -- Christian lifestyle -- Cycle of evangelism.
526 _aSEG42
526 _aSEG41
526 _aSEG40
526 _aSEG39
526 _aP94
526 _aP87
526 _aP86
526 _aP85
526 _aP77
526 _aP76
526 _aP35
650 0 _aDiscipulado (Cristianismo)
_9847
650 0 _aObra evangelistica
_xAdventistas del séptimo día.
_9848
650 0 _aDar testimonio (cristianismo)
_xAdventistas del séptimo día.
_9849
650 0 _aVida cristiana
_xAutores adventistas del séptimo día.
_9850
690 _aMichigan Conference of Seventh-day Adventists.
_bThe Training Center Church Committee.
_9851
700 _aHoward, Jim,
_eAutor.
_9852
700 _aDeVasher, Kameron,
_eAutor.
_9853
700 _aHoward, Mark,
_eAutor.
_9854
700 _aSchefka, Staci,
_eAutor.
_9855
700 _aAkenberger, Jeff,
_eEditor.
_9856
700 _aHall, Gene,
_eEditor.
_9857
700 _aHubbard, Tom,
_eEditor.
_9858
700 _aRingstaff, Justin,
_eEditor.
_9859
700 _aThomas, Hélène,
_eEditor de copia.
_9860
942 _2ddc
_cBK
_n0
980 _622041
_aELI VALDERRAMA Analista Documental
_81
_gALBERTO SANCHEZ Responsable de Automatización
999 _c61678
_d61678